Detalles MARC
| 000 -LIDER |
| fixed length control field |
01094cam a2200361 4500 |
| 001 - NÚMERO DE CONTROL |
| Identificador de número de control |
28004 |
| 003 - IDENTIFICACDOR DE NÚMERO DE CONTROL |
| control field |
DO-SdBNP |
| 005 - DATE AND TIME OF LATEST TRANSACTION |
| control field |
20171121113612.0 |
| 007 - CAMPOS FIJOS DE DESCRIPCIÓN FÍSICA |
| fixed length control field |
28004 |
| 008 - ELEMENTOS DE LONGITUD FIJA |
| fixed length control field |
090212s2009 ck | ||g| 000 0 spe spa |
| 015 ## - NÚMERO DENTRO DE LA BIBLIOGRAFÍA NACIONAL |
| National bibliography number |
|
| 017 ## - NÚMERO DE REGISTRO DE DERECHOS DE AUTOR |
| Copyright or legal deposit number |
|
| Assigning agency |
|
| 020 ## - ISBN |
| International Standard Book Number |
9789587048094 |
| 035 ## - NÚMERO LOCAL |
| System control number |
|
| 040 ## - FUENTE DE CATALOGACIÓN |
| Agencia que crea de manera original el registro |
BPMSU |
| Idioma de catalogación |
spa |
| Agencia que realiza la transcripción |
BPMSU |
| Convenciones de la despripción |
|
| 080 ## - NÚMERO DE CLASIFICACIÓN DECIMAL UNIVERSAL |
| Universal Decimal Classification number |
|
| 082 #4 - NÚMERO DE CLASIFICACIÓN DECIMAL DE DEWEY |
| Classification number |
Pe864.44 |
| Item number |
V297v |
| 100 1# - ASIENTO PRINCIPAL -- NOMBRE PERSONAL |
| Nombre personal |
Vargas Llosa, Mario, |
| Fechas asociadas con el nombre |
1936- |
| 245 13 - MENCIÓN DE TITULO |
| Título |
El viaje a la ficción : |
| Subtítulo |
el mundo de Juan Carlos Onetti / |
| Mención de responsabilidad |
Mario Vargas Llosa |
| Medio (Designación general de material) |
|
| 246 0# - VARIACION DEL TÍTULO |
| Despliegue de texto |
El mundo de Juan Carlos Onetti |
| 260 ## - PUBLICACIÓN, DISTRIBUCIÓN, ETC. (PIE DE IMPRENTA) |
| Lugar de publicación, distribución, etc |
Bogotá : |
| Nombre del editor, distribuidor, etc. |
Alfaguara, |
| Fecha de publicación, distribución, etc |
2009 |
| 300 ## - DESCRIPCIÓN FÍSICA |
| Extensión |
248 p.; |
| Dimensiones |
24 cm |
| 500 ## - NOTA GENERAL |
| Nota general |
|
| 504 ## - NOTA DE BIBLIOGRAFÍA, ETC. |
| Bibliography, etc |
Incluye referencias bibliográficas e índices. |
| 586 ## - AWARDS NOTE |
| Awards note |
Premio Nobel de Literatura 2010 |
| 600 14 - ENCABEZAMIENTO DE MATERIA--NOMBRE PERSONAL |
| Nombre personal |
ONETTI, JUAN CARLOS |
| Fechas asociadas con el nombre |
1909-1994 |
| Subdivisión temática general |
CRÍTICA E INTERPRETACIÓN |
| Fuente del encabezado o término |
|
| 650 #4 - ENCABEZAMIENTO DE MATERIA--TEMÁTICO |
| Término temático o nombre geográfico como elemento de entrada |
ENSAYOS PERUANOS |
| 650 #4 - ENCABEZAMIENTO DE MATERIA--TEMÁTICO |
| Término temático o nombre geográfico como elemento de entrada |
LITERATURA PERUANA |
| 650 #4 - ENCABEZAMIENTO DE MATERIA--TEMÁTICO |
| Término temático o nombre geográfico como elemento de entrada |
LITERATURA URUGUAYA |
| Término temático seguido del nombre geográfico como elemento de entrada |
HISTORIA Y CRÍTICA |
| 942 ## - ADDED ENTRY ELEMENTS (KOHA) |
| Source of classification or shelving scheme |
Dewey Decimal Classification |
| Koha item type |
Libros |
| 945 ## - INFORMACIÓN DE PROCESAMIENTO LOCAL |
| Información de procesamiento local |
Inventariado extranjero / 2017 VM |
| 956 ## - LOCAL ELECTRONIC LOCATION AND ACCESS (OCLC) |
| Nombre de host |
VMATEO |
| Número de acceso |
10 |
| Información de compresión |
20160805 |
| Trayectoria |
BPMSU |
| Nombre Electrónico |
0069 |